000 00469nam a2200181Ia 4500
001 4480
005 20260306145759.0
008 260306t2005||||xx |||||||||||||| ||spa||
041 _aESP
082 _a323.1
_bA66 2005
100 _aAranda Bustamante, Gilberto
_eAUT
245 0 _aConflictos de identidades y política internacional texto impreso
260 _c2005
300 _a326 páginas :
_ccm.
650 _aGEN
654 _aCHU
942 _cLIB
_dJUS
_fJUS
_2ddc
_n
999 _c4480
_d4480